Mezinárodní marketing /

Hlavní autor: Kauerová, Lenka, 1961-
Korporativní autor: Vysoká škola báňská - Technická univerzita Ostrava. Ekonomická fakulta
Další autoři: Kozel, Roman, 1974-, Zajarošová, Markéta
Jazyk: Čeština
Vydáno: Ostrava : VŠB-TU Ostrava, 2014
Vydání: 1. vydání
Edice: Series of textbooks ; vol. 22
Témata:
Fyzický popis: 125 stran : barevné ilustrace, mapy ; 30 cm
Knihy
Uloženo v:
LEADER 01984nam a2200481 i 4500
001 nkc20152659575
003 CZ PrNK
005 20151008113522.0
007 ta
008 150120s2014 xr ab e p 001 0 cze
015 |a cnb002659575 
020 |a 978-80-248-3671-3  |q (brožováno) 
035 |a (OCoLC)928737547 
040 |a OLA001  |b cze  |e rda 
072 7 |a 658  |x Řízení a správa podniku  |2 Konspekt  |9 4 
072 7 |a 37.016  |x Učební osnovy. Vyučovací předměty. Učebnice  |2 Konspekt  |9 22 
080 |a 658.8-027.543  |2 MRF 
080 |a (075.8)  |2 MRF 
100 1 |a Kauerová, Lenka,  |d 1961-  |7 mzk2010598923  |4 aut 
245 1 0 |a Mezinárodní marketing /  |c Lenka Kauerová, Roman Kozel, Markéta Zajarošová 
250 |a 1. vydání 
264 1 |a Ostrava :  |b VŠB-TU Ostrava,  |c 2014 
300 |a 125 stran :  |b barevné ilustrace, mapy ;  |c 30 cm 
336 |a text  |b txt  |2 rdacontent 
337 |a bez média  |b n  |2 rdamedia 
338 |a svazek  |b nc  |2 rdacarrier 
490 1 |a Series of textbooks ;  |v vol. 22 
500 |a 200 výtisků 
500 |a Nad názvem: Faculty of Economics, VŠB-TU Ostrava 
504 |a Obsahuje bibliografii, bibliografické odkazy a rejstřík 
650 0 7 |a mezinárodní marketing  |7 ph122808  |2 czenas 
650 0 9 |a international marketing  |2 eczenas 
655 7 |a učebnice vysokých škol  |7 fd133772  |2 czenas 
655 9 |a textbooks (higher)  |2 eczenas 
700 1 |a Kozel, Roman,  |d 1974-  |7 mzk2003184989  |4 aut 
700 1 |a Zajarošová, Markéta  |7 ola2015885644  |4 aut 
710 2 |a Vysoká škola báňská - Technická univerzita Ostrava.  |b Ekonomická fakulta  |7 kn20010709388  |4 isb 
810 2 |a Vysoká škola báňská - Technická univerzita Ostrava.  |b Ekonomická fakulta.  |t Series of textbooks  |0 s 
910 2 |a BOA001  |b 4-1352.603 
928 9 |a Vysoká škola báňská - Technická univerzita Ostrava 
990 |a BK 
995 |a 01 
996 6 |b 2610644090  |c 4-1352.603  |l MZK  |r Sklad / do 1 hodiny  |n 5  |p p.v.  |w 001523341  |u 000010  |a 1  |e BOA001  |j MZK50  |s P